10x10 Exponentiation Table - Statistics

General Stats
  • This quiz has been taken 29 times
    25 since last reset
  • The average score is 55 of 100
Answer Stats
Hint Answer % Correct
1^1 1
100%
1^2 1
100%
1^3 1
100%
1^4 1
100%
1^5 1
100%
1^6 1
100%
1^7 1
100%
1^8 1
100%
1^9 1
100%
1^10 1
100%
2^4 16
100%
2^1 2
100%
2^2 4
100%
2^3 8
100%
2^5 32
94%
2^7 128
88%
2^8 256
88%
3^3 27
88%
3^1 3
88%
2^6 64
88%
3^4 81
88%
3^2 9
88%
2^10 1024
81%
3^5 243
81%
2^9 512
81%
3^7 2187
75%
3^8 6561
75%
3^6 729
75%
10^1 10
69%
10^2 100
69%
10^3 1000
69%
10^4 10000
69%
10^5 100000
69%
10^6 1000000
69%
10^7 10000000
69%
10^8 100000000
69%
10^9 1000000000
69%
10^10 10000000000
69%
4^2 16
69%
4^1 4
69%
3^9 19683
63%
5^2 25
63%
4^4 256
63%
6^2 36
63%
7^2 49
63%
5^1 5
63%
6^1 6
63%
4^3 64
63%
8^2 64
63%
7^1 7
63%
8^1 8
63%
9^2 81
63%
9^1 9
63%
4^5 1024
56%
5^3 125
56%
4^7 16384
56%
4^6 4096
56%
3^10 59049
56%
5^4 625
56%
5^6 15625
50%
6^3 216
50%
5^5 3125
50%
8^3 512
50%
9^3 729
50%
6^4 1296
44%
7^3 343
44%
8^4 4096
44%
4^8 65536
44%
5^7 78125
44%
6^5 7776
38%
7^4 2401
31%
8^5 32768
31%
5^8 390625
31%
7^5 16807
25%
5^9 1953125
25%
4^9 262144
25%
9^4 6561
25%
4^10 1048576
19%
8^6 262144
19%
6^6 46656
19%
9^5 59049
19%
5^10 9765625
19%
8^9 134217728
13%
8^8 16777216
13%
8^7 2097152
13%
9^6 531441
13%
6^10 60466176
13%
6^9 10077696
6%
8^10 1073741824
6%
7^6 117649
6%
6^8 1679616
6%
6^7 279936
6%
7^10 282475249
6%
9^10 3486784401
6%
9^9 387420489
6%
7^9 40353607
6%
9^8 43046721
6%
9^7 4782969
6%
7^8 5764801
6%
7^7 823543
6%
No matching quizzes found
Score Distribution
Percent of People with Each Score
Percentile by Number Answered
Your Score History
You have not taken this quiz since the last reset